Mitos y creencias sobre metodos anticonceptivos en adolecentes de la institucion educativa San Luis Beltran del Municipio de Maria La Baja Bolivar,2019. / (Registro nro. 4013)
[ vista simple ]
| 000 -LEADER | |
|---|---|
| fixed length control field | 01630nam a2200301 4500 |
| 001 - CONTROL NUMBER | |
| control field | 0000100125 |
| 005 - DATE AND TIME OF LATEST TRANSACTION | |
| control field | 20250329165434.0 |
| 008 - FIXED-LENGTH DATA ELEMENTS--GENERAL INFORMATION | |
| fixed length control field | 190730s2019 000 0 eng d |
| 040 ## - CATALOGING SOURCE | |
| Original cataloging agency | CO-CtgCURN |
| Language of cataloging | spa |
| Transcribing agency | coctgcurn |
| 041 0# - LANGUAGE CODE | |
| Language code of text/sound track or separate title | spa |
| 082 0# - DEWEY DECIMAL CLASSIFICATION NUMBER | |
| Classification number | ENF 2019 |
| Item number | A473 |
| 100 1# - MAIN ENTRY--PERSONAL NAME | |
| Personal name | Alvarez Julio, Dilma Carolina. |
| 245 10 - TITLE STATEMENT | |
| Title | Mitos y creencias sobre metodos anticonceptivos en adolecentes de la institucion educativa San Luis Beltran del Municipio de Maria La Baja Bolivar,2019. / |
| Statement of responsibility, etc. | Dilma Carolina Alvarez Julio ; Isley Paola Martinez Rocha ; Liseth Paola Valdes Cañate ; Asesor: Leisy Beleño Pinedo. |
| 260 ## - PUBLICATION, DISTRIBUTION, ETC. | |
| Place of publication, distribution, etc. | Cartagena de Indias : |
| Name of publisher, distributor, etc. | Corporación Universitaria Rafael Núñez, |
| Date of publication, distribution, etc. | 2019. |
| 300 ## - PHYSICAL DESCRIPTION | |
| Extent | 121 Hojas. |
| 336 ## - CONTENT TYPE | |
| Source | rdacontent |
| Content type term | text |
| Content type code | txt |
| 337 ## - MEDIA TYPE | |
| Source | rdacarrier |
| Media type term | sin mediacion |
| Media type code | n |
| 338 ## - CARRIER TYPE | |
| Source | rdacarrier |
| Carrier type term | volumen |
| Carrier type code | nc |
| 502 ## - DISSERTATION NOTE | |
| Dissertation note | Trabajo de grado (Enfermeria). Corporacion Universitaria Rafael Nuñez. Facultad de Ciencias de la salud. Enfermeria, 2019. |
| 520 ## - SUMMARY, ETC. | |
| Summary, etc. | En el ambito anticonceptivo los mitos y las creencias en los adolescentes merecen especial atencion porque representan una barrera para su uso adecuado. |
| 650 #0 - SUBJECT ADDED ENTRY--TOPICAL TERM | |
| Topical term or geographic name entry element | Enfermeria |
| Form subdivision | Tesis y disertaciones academicas. |
| 700 1# - ADDED ENTRY--PERSONAL NAME | |
| Personal name | Martinez Rocha, Isley Paola. |
| 700 1# - ADDED ENTRY--PERSONAL NAME | |
| Personal name | Valdes Cañate, Liseth Paola. |
| 700 1# - ADDED ENTRY--PERSONAL NAME | |
| Personal name | Beleño Pinedo, Leisy, |
| Relator term | Asesor. |
| 856 ## - ELECTRONIC LOCATION AND ACCESS | |
| Uniform Resource Identifier | <a href="https://unicurn.sharepoint.com/:b:/s/biblioteca/Eb7dO6bfG1xHi83SLIwLgwkB-Il9KdIbuEJ1qpygmiECIw?e=7lMRSt">https://unicurn.sharepoint.com/:b:/s/biblioteca/Eb7dO6bfG1xHi83SLIwLgwkB-Il9KdIbuEJ1qpygmiECIw?e=7lMRSt</a> |
| Public note | Click aqui para ver el recurso en texto completo |
| 942 ## - ADDED ENTRY ELEMENTS (KOHA) | |
| Koha item type | Trabajos de grado |
| Classification part | ENF 2019 |
| Item part | A473 |
| Withdrawn status | Lost status | Damaged status | Not for loan | Collection | Home library | Current library | Shelving location | Date acquired | Cost, normal purchase price | Inventory number | Total checkouts | Full call number | Barcode | Date last seen | Price effective from | Koha item type |
|---|---|---|---|---|---|---|---|---|---|---|---|---|---|---|---|---|
| Trabajos de grado | Miguel Henríquez Emiliani | Miguel Henríquez Emiliani | Trabajo de grado | 03/29/2025 | 35000.00 | 022811 | ENF 2019 A473 | 022811 | 03/29/2025 | 03/29/2025 | Trabajos de grado |